A vous la France! : (Record no. 63279)

000 -LEADER
fixed length control field 00493nam a22001937a 4500
003 - CONTROL NUMBER IDENTIFIER
control field NUST - PNEC
005 - DATE AND TIME OF LATEST TRANSACTION
control field 20170116180808.0
008 - FIXED-LENGTH DATA ELEMENTS--GENERAL INFORMATION
fixed length control field 150423b xxu||||| |||| 00| 0 eng d
020 ## - INTERNATIONAL STANDARD BOOK NUMBER
International Standard Book Number 0563210117
040 ## - CATALOGING SOURCE
Transcribing agency LIBRARY
082 ## - DEWEY DECIMAL CLASSIFICATION NUMBER
Classification number 448.24 PAG
100 ## - MAIN ENTRY--PERSONAL NAME
9 (RLIN) 3163
Personal name Page, B;
245 ## - TITLE STATEMENT
Title A vous la France! :
Statement of responsibility, etc. BBC Books
250 ## - EDITION STATEMENT
Edition statement -
260 ## - PUBLICATION, DISTRIBUTION, ETC.
Place of publication, distribution, etc. London :
Name of publisher, distributor, etc. A bb Course,
Date of publication, distribution, etc. c 1984.
300 ## - PHYSICAL DESCRIPTION
Extent 360 p . :
650 ## - SUBJECT ADDED ENTRY--TOPICAL TERM
9 (RLIN) 3164
Topical term or geographic name entry element A Vous La France!:
General subdivision French language.
942 ## - ADDED ENTRY ELEMENTS (KOHA)
Source of classification or shelving scheme
Koha item type Book
Holdings
Withdrawn status Lost status Source of classification or shelving scheme Damaged status Not for loan Permanent Location Current Location Shelving location Date acquired Source of acquisition Cost, normal purchase price Total Checkouts Full call number Barcode Date last seen Cost, replacement price Price effective from Koha item type
          Pakistan Navy Engineering College (PNEC) Pakistan Navy Engineering College (PNEC)     Donated 0.00   448.24 PAG PNECLIB-030980 04/23/2015 0.00   Book
© 2023 Central Library, National University of Sciences and Technology. All Rights Reserved.